|
|
|
|
| LEADER |
00897cam a2200241 7i4500 |
| 001 |
0000057884 |
| 005 |
20210309090000.0 |
| 020 |
|
|
|a 9781783748945 #28;(electronic book
|
| 090 |
|
|
|a HB172
|b .O89 20
|
| 100 |
|
|
|a Osborne, Martin
|
| 245 |
|
|
|a Models in microeconomic theory
|c Mrtin J. Osborne, Ariel Rubinstei
|
| 264 |
|
|
|a Cambridge, UK:
|b Open Book Publishers,
|c 202
|
| 300 |
|
|
|a 1 online resource (339 pages):
|b text file, PD
|
| 336 |
|
|
|a text
|2 rdaconte
|
| 337 |
|
|
|a computer
|2 rdamed
|
| 338 |
|
|
|a online resource
|2 rdacarri
|
| 650 |
|
|
|a Microeconomic
|
| 655 |
|
|
|a Electronic boo
|
| 700 |
|
|
|a Rubinstein, Arie
|
| 856 |
|
|
|u http://library.unisel.edu.my/equip-unisel/custom/ebook_catalog/ebook/Modelsinmicroeconomicstheory.p
|
| 997 |
|
|
|a Business & Accountancy, Facul
|
| 998 |
|
|
|a Business Management, Diplo
|
| 999 |
|
|
|a EBO0004181
|b EBOOK
|c EBOOK
|e Electronic resourc
|